000 00452nam a2200157Ia 4500
008 130318s9999 xx 000 0 und d
020 _a9781420067026
082 _a621.3822 HAM/A
100 _aHamdy, Nadder
245 _aApplied signal Processing:Concepts, circuits, and systems
260 _bCRC Press
_aFlorida
_c2009
300 _a517
650 _aELECTRIC FILTERS
650 _aSIGNAL PROCESSING
650 _aSIGNAL PROCESSING-DIGITAL TECHNIQUES
999 _c2137
_d2137